000 00567nam a22001697a 4500
003 OSt
005 20171010095456.0
008 120705t xxu||||| |||| 00| 0 eng d
040 _aMMSU
_cULS
100 _aNiño, Arlene Joy B.
_910982
245 _aPerceived consequences of beach resorts in Currimao, Ilocos Norte
_cArlene Joy B. Niño
260 _c2008
300 _axiv, 62 leaves
_c28 cm.
500 _aThesis (AB Sociology) -- Mariano Marcos State University)-College of Arts & Sciences, Batac City
504 _aBibliography: leaf 50
942 _2ddc
_cTHEDIS
999 _c9626
_d9626